000 00651nam a2200217Ii 4500
003 JO-AjNU
008 230606s9999||||xx |||||||||||||| ||und||
020 _a0-07-016726-5
040 _aJO-AjNU
_beng
_erda
_cJO-AjNU
041 _aeng
050 1 4 _aHF5635 .F533 1994
100 3 _aZeff,Stephen A / Dharan,Bala G,
_eauthor
_93167
245 0 0 _aReadings and Notes on Financial Accounting : Issues and Controversies
250 _a4th ed
264 3 1 _aNew York : Mc Graw Hill ,1994
300 _a782p
336 _atext
_btxt
_2rdacontent
337 _aunmediated
_bn
_2rdamedia
338 _avolume
_bnc
_2rdacarrier
650 4 _aAccounting
_93168
999 _aE1659
_c1659
_d1659